| 000 | 00720nam a22002417a 4500 | ||
|---|---|---|---|
| 005 | 20140731092034.0 | ||
| 008 | 140731b xxu||||| |||| 00| 0 eng d | ||
| 020 | _a0618280731 | ||
| 024 | 0 | _ceng | |
| 080 | _a93/99 | ||
| 082 | _a(7) | ||
| 100 | _aBoyer S. Paul | ||
| 245 |
_aThe Enduring Vision/ _cPaul S. Boyer; Clifford E. Clark, Jr; Joseph F. Kett; Neal Salisbury; Harvard Sitkoff; Nancy Woloch. |
||
| 250 | _a5 th.ed.; | ||
| 260 |
_aU.S.A, _bHoughton Miffli, _c2004. |
||
| 300 |
_af.: [1101] _bme il.; _c25 cm, |
||
| 500 | _aIndex f.[1052 - 1101] | ||
| 650 | _aHistoria | ||
| 650 | _aPopullsia | ||
| 650 | _aAmerika | ||
| 700 | _aClifford E. Clark, Jr; | ||
| 942 |
_2udc _cBK |
||
| 999 |
_c504 _d504 |
||